000 00585nam a2200205Ia 4500
005 20250508164549.0
008 008 250505s9999 xx 000 0 eng d
037 _aTextual
040 _aFEDL
_beng
_cFEDL
041 _aeng
_2eng
084 _a707, NCE
_qFEDL
245 0 _aArt education. Class 1. Teachers' hand book
245 0 _cNCERT
260 _aNew Delhi, India
_bNational Council of Educational Research and Training
_c1987
300 _aviii,70p.
365 _aINR
_b9
546 _aMACESE book
942 _cTEXL
_h707, NCE
999 _c1389817
_d1389817